000 00569nam a2200145 4500
999 _c19165
_d19165
008 240215b ||||| |||| 00| 0 eng d
020 _a156134009X
082 _aDC 320.973
_bAm3 1991
245 _aAnnual editions :
_bAmerican government 91/92 /
_cEdited by Bruce Stinebrickner.
260 _aConnecticut :
_bThe Dushkin Publishing Group, Inc.,
_c©1991.
300 _a243 pages :
_billustrations ;
_c27 cm.
500 _aincludes index.
650 _zUnited States
_xPolitics and government.
_x1945
_vAddresses, essays, lectures
_vPeriodicals.
_952470
942 _2ddc
_cDC